000 00762nam a2200241 i 4500
001 bg
100 1 _aBilligmann, Joseph.
245 1 0 _aSpęczanie i prasowanie /
_cJoseph Billigmann ; tł. Feliks Matczyński.
246 1 _iTyt. oryg.:
_aStauchen und Pressen.
260 _aWarszawa :
_bPaństwowe Wydawnictwa Techniczne,
_c1959.
300 _a589 s. :
_bil. ;
_c21 cm.
500 _aTyt. oryg.: "Stauchen und Pressen" 1953.
504 _aBibliogr. s. [557]-576. Indeks.
650 9 _aStal
_xobróbka plastyczna
650 9 _aMetale nieżelazne
_xobróbka plastyczna
700 1 _aMatczyński, Feliks.
_eTł.
040 _cBPK
041 _apol
044 _aPOL
080 _a621.7:621.97
942 _cKS
008 s pl f |000 0 pol
999 _c50791
_d50791
856 _uhttp://koha.tu.koszalin.pl/cgi-bin/koha/opac-detail.pl?biblionumber=50791
_yKatalog online BPK